<?xml version="1.0" encoding="UTF-8"?>
<collection xmlns="http://www.loc.gov/MARC21/slim">
 <record>
  <leader>00377pamaa2200133   4500</leader>
  <controlfield tag="001">0000022497</controlfield>
  <controlfield tag="005">20061006090000.0</controlfield>
  <datafield tag="020" ind1="0" ind2="0">
   <subfield code="a">0091770645 </subfield>
  </datafield>
  <datafield tag="090" ind1="0" ind2="0">
   <subfield code="a">DS485.B395 </subfield>
   <subfield code="b">RYT 1992</subfield>
  </datafield>
  <datafield tag="100" ind1="1" ind2="0">
   <subfield code="a">RYTASHA </subfield>
  </datafield>
  <datafield tag="245" ind1="1" ind2="0">
   <subfield code="a">Alchemy : </subfield>
   <subfield code="b">the autobiograpby of the angel of Bengal  </subfield>
   <subfield code="c">Rytasha.</subfield>
  </datafield>
  <datafield tag="260" ind1="0" ind2="0">
   <subfield code="a">London: </subfield>
   <subfield code="b">Ebury Press, </subfield>
   <subfield code="c">1992.</subfield>
  </datafield>
  <datafield tag="300" ind1=" " ind2=" ">
   <subfield code="a">188p. [16] p. of plates; </subfield>
   <subfield code="c">25cm.</subfield>
  </datafield>
  <datafield tag="650" ind1="0" ind2="0">
   <subfield code="a">Autobiography </subfield>
  </datafield>
 </record>
</collection>
